000 00813nam a22002177a 4500
005 20111209101827.0
010 _aB-444566
020 _a9781865044170
_c195.00
035 _aB-444566
037 _bBlue Berry/Ven
082 _aS
100 _aRodda, Emily
_938986
245 _aCavern of the fear /
_cby Emily Rodda
260 _aLindfield NSW
_bScholastic Press
_c2007(repr.).
270 _a345 Pacific Highway
_bLindfield NSW
_e2070
300 _a136p.
_c20cm(pbk)
490 _aDeltora Quest 2;1
_938987
942 _2ddc
_cCH
_mROD
_hS
999 _c59168
_d59168